| 000 | 01003nac a22002531u 4500 | ||
|---|---|---|---|
| 010 | _a94044982 | ||
| 020 | _a0471116246 (pbk. : set : acid-free paper) | ||
| 020 | _a0471103373 (pbk. : text : acid-free paper) | ||
| 020 | _a0471116238 (pbk. : workbook : acid-free paper) | ||
| 020 | _a0471116238 | ||
| 082 | 0 | 0 |
_a620.1 _bR3611 |
| 090 |
_c4288 _d4288 |
||
| 100 | _aReif, F. | ||
| 245 | 1 | 0 |
_aUnderstanding basic mechanics / _cFrederick Reif. |
| 260 |
_aNew York : _bWiley, _cc1995. |
||
| 300 |
_a2 v. : _bill. ; _c28 cm. |
||
| 500 | _aIncludes index. | ||
| 505 | 0 | _a [2] Workbook. | |
| 650 | 0 | _aMechanics, Applied. | |
| 856 | 4 | 2 |
_3Publisher description _uhttp://www.loc.gov/catdir/description/wiley034/94044982.html |
| 856 | 4 | 2 |
_3Table of Contents _uhttp://www.loc.gov/catdir/toc/onix05/94044982.html |
| 942 |
_cBB _k620.1R3611 |
||
| 999 |
_c4288 _d4288 |
||